| Поле | Инд. | ПП | Название | Значение |
|---|---|---|---|---|
| Тип записи | a | |||
| Библиографический уровень | b | |||
| 001 | Контрольный номер | RU/IS/BASE/432829811 | ||
| 005 | Дата корректировки | 20240403144216.6 | ||
| 008 | Кодируемые данные | 20130918 | ||
| 040 | b | Код языка каталог. | rus | |
| e | Правила каталог. | PSBO | ||
| 041 | 0_ | a | Код языка текста | rus |
| 084 | a | Индекс другой классификации/Индекс ББК | 65.9(2Рос)-04 | |
| 100 | 1_ | a | Автор | Ершов М. |
| q | Полное имя | Ершов Михаил Владимирович | ||
| 100 | 1_ | a | Автор | Урьева Е. |
| q | Полное имя | Урьева Екатерина Дмитриевна | ||
| 100 | 1_ | a | Автор | Татузов В. |
| q | Полное имя | Татузов Виктор Юрьевич | ||
| 245 | 10 | a | Заглавие | Ориентиры инновационного развития: "воспоминания о будущем"? |
| b | Продолж. заглавия | (Макроэкономическая динамика первых месяцев - 2013 опровергает докризисные прогнозы) | ||
| 500 | a | Примечание | Стат. дан. в тексте | |
| 504 | a | Библиография | Библиогр. ссылки. - Примеч. | |
| 520 | 0_ | a | Аннотация | В первом разделе статьи рассматривается ухудшение динамики основных макроэкономических показателей в начале 2013 года, во втором разделе анализируются наблюдавшиеся в этот период некоторые негативные явления в банковском секторе отечественной экономики, а в третьем - приводятся и комментируются имеющиеся кратко- и среднесрочные прогнозы развития российской экономики |
| 650 | 14 | a | Основная рубрика | экономика |
| 653 | 1_ | a | Ключевые слова | банковский сектор |
| a | Ключевые слова | безработица | ||
| a | Ключевые слова | валовой внутренний продукт (ВВП) | ||
| a | Ключевые слова | динамика экономических показателей | ||
| a | Ключевые слова | инновационное развитие | ||
| a | Ключевые слова | инфляция | ||
| a | Ключевые слова | макроэкономика | ||
| a | Ключевые слова | макроэкономические показатели | ||
| a | Ключевые слова | прогнозирование | ||
| a | Ключевые слова | Россия | ||
| a | Ключевые слова | уровень безработицы | ||
| a | Ключевые слова | уровень инфляции | ||
| a | Ключевые слова | экономическое прогнозирование | ||
| a | Ключевые слова | экономическое развитие | ||
| 773 | 08 | t | Заглавие источника | Российский экономический журнал |
| d | Дата издания источника | 2013 | ||
| g | Прочая информация | № 2. - С. 3 - 13 : диагр., граф. | ||
| w | Контрольный № источника | RU/IS/BASE/428079974 | ||
| 901 | t | Тип документа | b |